〈プロ野球〉12球団本拠地がある自治体 - Statistics

General Stats
  • This quiz has been taken 180 times
  • The average score is 11 of 12
Answer Stats
球団 市区町村 % Correct
DeNAベイスターズ 神奈川県横浜市中区
98%
中日ドラゴンズ 愛知県名古屋市東区
95%
広島東洋カープ 広島県広島市南区
95%
ソフトバンクホークス 福岡県福岡市中央区
95%
日本ハムファイターズ 北海道北広島市
95%
阪神タイガース 兵庫県西宮市
94%
オリックス・バファローズ 大阪府大阪市西区
94%
楽天ゴールデンイーグルス 宮城県仙台市宮城野区
94%
ロッテマリーンズ 千葉県千葉市美浜区
92%
西武ライオンズ 埼玉県所沢市
91%
ヤクルトスワローズ 東京都新宿区
84%
読売ジャイアンツ 東京都文京区
82%
No matching quizzes found
Score Distribution
Percent of People with Each Score
Percentile by Number Answered
Your Score History
You have not taken this quiz